LIBRARY & INFORMATION CENTRE, KCAET, TAVANUR

ONLINE PUBLIC ACCESS CATALOGUE (OPAC)

Soil erosion risk assessment in Kunthipuzha sub-watershed using remote sensing and GIS (Record no. 15535)

MARC details
000 -LEADER
fixed length control field 00532nam a22001457a 4500
003 - CONTROL NUMBER IDENTIFIER
control field OSt
008 - FIXED-LENGTH DATA ELEMENTS--GENERAL INFORMATION
fixed length control field 181024b ||||| |||| 00| 0 eng d
100 ## - MAIN ENTRY--AUTHOR NAME
Personal name Shaheemath Suhara, K. K
245 ## - TITLE STATEMENT
Title Soil erosion risk assessment in Kunthipuzha sub-watershed using remote sensing and GIS
260 ## - PUBLICATION, DISTRIBUTION, ETC. (IMPRINT)
Place of publication TAVANUR
Name of publisher Department of Soil and Water Conservation Engineering
Year of publication 2018
300 ## - PHYSICAL DESCRIPTION
Number of Pages 181
Accompanying material CD
700 ## - ADDED ENTRY--PERSONAL NAME
Personal name Abdul Hakkim, V.M.(Guide)
856 ## - ELECTRONIC LOCATION AND ACCESS
Uniform Resource Identifier <a href="https://drive.google.com/open?id=1XvzQilty0F5fqkN_zgCDixHyyUKc01bH">https://drive.google.com/open?id=1XvzQilty0F5fqkN_zgCDixHyyUKc01bH</a>
942 ## - ADDED ENTRY ELEMENTS (KOHA)
Koha item type Theses
Holdings
Withdrawn status Lost status Damaged status Home library Current library Date acquired Accession Number Koha item type Public note
      KAUAET KAUAET 24/10/2018 T 429 Theses M.Tech Thesis
free website counter